| 000 | 01044nam a22002657a 4500 | ||
|---|---|---|---|
| 005 | 20100812115854.0 | ||
| 010 | _aENG-99834 | ||
| 020 |
_a9788173200724 _c1950.00 |
||
| 035 | _aEN-83366 | ||
| 037 | _bDBAD/PUB | ||
| 082 | _a709.0113 | ||
| 245 |
_aRock art & archaeology of India : _bProf.Shankar Tiwari commemoration volume / _cedited by K.K. Chakravarty [and] G.L. Badam |
||
| 246 | _aRock art and archaeology of India | ||
| 260 |
_aDelhi _bAgam Kala Prakashan _c2008 |
||
| 270 |
_bDelhi _e110052 _a34,Central Market,Ashok Vihar |
||
| 300 |
_axxiv,237p.,[18] p. of plates : _bill., maps _c28cm (Hb) |
||
| 500 | _aIncludes bibliographical references | ||
| 650 |
_a Rock paintings _zIndia. _914641 |
||
| 650 |
_aIndia _xAntiquities. _914642 |
||
| 700 |
_910603 _aChakravaty, K.K. |
||
| 700 |
_aBadam, G.L. _911537 |
||
| 700 | _910604 | ||
| 942 |
_2ddc _cEN _h709.0113 _mROC |
||
| 999 |
_c41269 _d41269 |
||